| 000 | 01514cab a22002775a 4500 | ||
|---|---|---|---|
| 001 | ##E134983 | ||
| 008 | 060324s2006 xxk f 000 0 eng d | ||
| 035 | _a(Sirsi) u134983 | ||
| 041 | 0 | _aeng | |
| 100 | 1 | _aMcManus, Francis | |
| 245 | 0 | 0 | _aNoise pollution and human rights |
| 260 | _c2006 | ||
| 490 | 0 |
_aScottish Planning and Environmental Law _v(116) August 2006, 84-86(3) |
|
| 520 | _aDiscusses the legal issues involved for those who are affected by noise pollution. Historically, one has had to appeal to the common law of nuisance or go to local authority environmental health officers. Due to the limitations of the law of nusiance to deal with noise pollution it is likely that the provisions of the Convention for the Protection of the Human Rights and Fundamental Freedoms Art 8 and First Protocol Art 1 will need to be enlisted to help solve these issues. Discusses various case law where noise pollution has been the subject of an action under human rights law. | ||
| 590 | _aIKA190906 | ||
| 650 | 2 | 4 | _aDENNIS V MINISTRY OF DEFENCE |
| 650 | 2 | 4 | _aHATTON V UNITED KINGDOM |
| 650 | 2 | 4 | _aFADAYEVA V RUSSIA |
| 650 | 2 | 4 | _aGOMEZ V SPAIN |
| 650 | 2 | 4 | _aCONVENTION FOR THE PROTECTION OF HUMAN RIGHTS AND FUNDAMENTAL FREEDOMS |
| 650 | 2 | 4 | _aCONVENTION FOR THE PROTECTION OF HUMAN RIGHTS AND FUNDAMENTAL FREEDOMS ART 8 |
| 650 | 2 | 4 | _aCONVENTION FOR THE PROTECTION OF HUMAN RIGHTS AND FUNDAMENTAL FREEDOMS FIRST PROTOCOL ART 1 |
| 651 | 4 |
_aUnited Kingdom _y |
|
| 690 | _aPROPERTY | ||
| 942 | _n0 | ||
| 999 |
_c77736 _d77736 |
||